000 01398cam a2200445Ma 4500
001 103202
005 20230411085629.0
008 090331s2008 fr 000 0 fre d
035 _a(OCoLC)ocn317464170
040 _aLVB
_bfre
_cLVB
_dBDF
_dCHRRO
020 _a9782351130414
020 _a2351130413
029 1 _aZWZ
_b121569748
029 1 _aCHRRO
_bR004730760
035 _a(OCoLC)317464170
049 _aGRAL
050 1 4 _aZ 286
_bE23 2008
082 0 0 _a005.74
245 0 0 _aEdition de contenus et de services en ligne :
_bmode d'emploi /
_csous la direction du GESTE, Groupement des éditeurs de services en ligne.
260 _aParis :
_bVictoires Editions,
_c2008.
300 _a126, [1] p.
500 _aGlossaire : p. 121-[127].
650 0 _aElectronic publishing.
650 0 _aElectronic publications
_xMarketing.
650 0 _aWeb editing.
650 4 _aPublicación electrónica.
650 4 _aPublicaciones electrónicas
_xMarketing.
650 4 _aBúsquedas en línea.
650 4 _aBúsquedas en texto libre.
650 4 _a20150300
650 6 _aEdition électronique.
650 6 _aPublications électroniques
_xMarketing.
650 6 _aEdition sur le Web.
650 6 _aEdition sur Internet.
650 7 _aEdition electronique.
_2ram
650 7 _aedition electronique.
_2rero
710 2 _aGESTE.
942 _2lcc
_cbk
994 _aC0
_bDRFGD
999 _c104993
_d104993